Countries Closest to Serbia - 30 Second Sprint - Statistics

General Stats
  • This quiz has been taken 201 times
    188 since last reset
  • The average score is 10 of 20
Answer Stats
km country miles % Correct
0 Croatia 0
91%
0 Montenegro 0
80%
0 Bosnia and Herzegovina 0
78%
0 Romania 0
78%
0 Bulgaria 0
71%
38 Albania 24
68%
0 Hungary 0
64%
0 Kosovo 0
64%
187 Slovenia 116
58%
114 Greece 71
54%
189 Slovakia 117
36%
0 North Macedonia 0
32%
435 Moldova 270
31%
218 Austria 136
29%
311 Italy 193
27%
284 Ukraine 177
27%
313 Turkey 195
23%
333 Czechia 207
17%
485 Germany 301
17%
334 Poland 208
15%
No matching quizzes found
Score Distribution
Percent of People with Each Score
Percentile by Number Answered
Your Score History
You have not taken this quiz since the last reset